Звичайний вигляд Перегляд у МАРК

Входження „Topical Term“

Кількість записів, які використовуються: 1

001 - CONTROL NUMBER

  • control field: 23404

003 - CONTROL NUMBER IDENTIFIER

  • control field: UA-OsUOA

005 - DATE AND TIME OF LATEST TRANSACTION

  • control field: 20260304123927.0

008 - FIXED-LENGTH DATA ELEMENTS

  • fixed length control field: 260304|| aca||aabn | a|a d

040 ## - CATALOGING SOURCE

  • Original cataloging agency: UA-OsUOA
  • Transcribing agency: UA-OsUOA

150 ## - HEADING--TOPICAL TERM

  • Topical term or geographic name as entry element: Law in mass media

670 ## - SOURCE DATA FOUND

  • Source citation: Work cat.: (UA-OsUOA): Celeste, Edoardo. author. aut http://id.loc.gov/vocabulary/relators/aut 23403, The Content Governance Dilemma